| 000 -LEADER |
| fixed length control field |
00588nam a2200217Ia 4500 |
| 001 - CONTROL NUMBER |
| control field |
7781 |
| 003 - CONTROL NUMBER IDENTIFIER |
| control field |
GE_BSU |
| 008 - FIXED-LENGTH DATA ELEMENTS--GENERAL INFORMATION |
| fixed length control field |
181216s||||||||xx |||||||||||||| ||und|| |
| 040 ## - CATALOGING SOURCE |
| Transcribing agency |
GE_BSU |
| 080 ## - UNIVERSAL DECIMAL CLASSIFICATION NUMBER |
| Universal Decimal Classification number |
629.113 |
| 100 ## - MAIN ENTRY--PERSONAL NAME |
| Personal name |
Исаев,А.С. |
| 245 ## - TITLE STATEMENT |
| Title |
Изучайте автомовиль. |
| 245 ## - TITLE STATEMENT |
| Statement of responsibility, etc. |
Ред. Л.А.Вайнштеин. |
| 250 ## - EDITION STATEMENT |
| Edition statement |
Изд. второе, перер. |
| 260 ## - PUBLICATION, DISTRIBUTION, ETC. |
| Place of publication, distribution, etc. |
М. |
| 260 ## - PUBLICATION, DISTRIBUTION, ETC. |
| Name of publisher, distributor, etc. |
Машиностроение. |
| 260 ## - PUBLICATION, DISTRIBUTION, ETC. |
| Date of publication, distribution, etc. |
1969. |
| 300 ## - PHYSICAL DESCRIPTION |
| Extent |
392стр.с илл. 22см. |
| 653 ## - INDEX TERM--UNCONTROLLED |
| Uncontrolled term |
Изучайте автомовиль. |
| 942 ## - ADDED ENTRY ELEMENTS (KOHA) |
| Koha item type |
წიგნი |